00725nam a2200181 a 450000100100000000500170001000800410002704000250006808200150009311100980010824500490020626000500025530000290030550000700033404900090040495201130041399900170052600002628120200930024446.0110309s1908 dr 000 0 spa d aDO-SdBNPbspacBNPHU axxxbC749c2 aCongreso científico (1ro. Pan-Americano)n(4a. :d1908 dic. 25 :cSantiago de Chile)95331013aLa República Dominicana /cTito V. Lisoni. aSantiago de Chile :bLa Ilustración,c1908. a54 p. :bretr. ;c27 cm. aIncluye referencias bibliográficas y notas al pie de páginas. aBNPD 0010718PDaPDbPDcCTd2011-03-09iLF1l0oxxx C749cp26281-10r2020-06-25w2020-06-25yLFPDZNo se presta c25773d25773